Countries Without the Letter A - Statistics

General Stats
  • This quiz has been taken 112 times
  • The average score is 22 of 30
Answer Stats
Group Answer % Correct
South America Peru
95%
Europe Sweden
93%
South America Chile
89%
Europe Greece
88%
Oceania Fiji
86%
Europe Luxembourg
84%
Africa Egypt
83%
Europe Liechtenstein
82%
Africa Togo
82%
Europe Belgium
81%
North America Belize
81%
Africa Morocco
81%
Europe Kosovo
80%
North America Mexico
78%
Africa Benin
75%
Africa Djibouti
75%
Africa Lesotho
73%
Asia Yemen
73%
Africa Comoros
69%
Africa Burundi
67%
Asia Turkey
66%
Africa Niger
65%
Asia Cyprus
64%
Europe Montenegro
63%
Africa Seychelles
63%
Europe United Kingdom
61%
Africa Republic of the Congo
56%
Asia Brunei
55%
Asia Philippines
53%
Europe Czech Republic
52%
No matching quizzes found
Score Distribution
Percent of People with Each Score
Percentile by Number Answered
Your Score History
You have not taken this quiz